| 000 | 00890nas a2200289 4500 | ||
|---|---|---|---|
| 001 | BR2010002634 | ||
| 003 | BR-BrBNA | ||
| 005 | 20231205114234.0 | ||
| 007 | ta | ||
| 008 | 230509b bl.|||p| |||| 00| 00por d | ||
| 040 |
_aBR-BrBNA _bpor _cBiblioteca Nacional de Agricultura |
||
| 041 | _a(En) | ||
| 072 | _aK10 | ||
| 100 | 1 | _aBrancalion, P.H.S. | |
| 100 | 1 | _aTay, D. | |
| 100 | 1 | _aNovembre, A.D. da L.C. | |
| 100 | 1 | _aRodrigues, R.R. | |
| 100 | 1 | _aMarcos Filho, J. | |
| 245 | 1 | _aPriming of pioneer tree Guazuma ulmifolia (Malvaceae)seeds evaluated by an automated computer image analysis | |
| 650 | _aÁRVORE FLORESTAL | ||
| 650 | _aSEMENTE | ||
| 650 | _aVIGOR | ||
| 650 | _aPLANTIO DIRETO | ||
| 773 | 0 |
_tScientia Agricola (Brazil) _xISSN 0103-9016 _g(May-Junr 2010), v. 67(3) p. 274-279 _wBR2010002634 |
|
| 909 |
_a202311 _bLúcia _c55 _dLúcia Elande |
||
| 942 |
_2AGRIS _n0 _cANA |
||
| 999 |
_c207760 _d207760 |
||